[Event "IECC Swiss email"]
[Site "IECC email"]
[Date "2000.01.07"]
[Round "?"]
[White "Mineses, Patrick"]
[Black "Watson, Roger E"]
[Result "1-0"]
[WhiteElo "1146"]
[BlackElo "1438"]
[PlyCount "83"]
[EventDate "2000.??.??"]
[EventType "tourn (corr)"]
[EventRounds "6"]
[SourceTitle "Corr 2008"]
[Source "ChessBase"]
[SourceDate "2008.06.24"]
[SourceVersion "1"]
[SourceVersionDate "2008.06.24"]
[SourceQuality "1"]

1. e4 c6 2. d4 d5 3. Nc3 dxe4 4. Nxe4 Bf5 5. Nc5 Qb6 6. Nf3 e6 7. Nb3 Nd7 8. Bd3 Bxd3 9. Qxd3 Ngf6 10. 0-0 Be7 11. Bf4 0-0 12. c4 c5 13. Rad1 Rad8 14. Qc2 Qc6 15. Rfe1 Rfe8 16. dxc5 Nxc5 17. Nbd4 Qc8 18. b4 Na6 19. a3 Bd6 20. Bg5 Be7 21. Bf4 Bd6 22. Bg5 Be7 23. Nb5 Qb8 24. Qe2 Nc7 25. Bf4 Rc8 26. Be5 a6 27. Nxc7 Rxc7 28. Rd4 Qc8 29. Bxc7 Qxc7 30. Ne5 Rd8 31. Rxd8+ Bxd8 32. Qf3 Kf8 33. Rd1 Ke8 34. Qg3 Nh5 35. Qd3 Nf6 36. c5 Nd5 37. Nc4 h6 38. Qh7 Bf6 39. Qg8+ Ke7 40. Nd6 Qc6 41. Qxf7+ Kd8 42. Qf8+ 1-0

[Event "IECC CL7-2000.08"]
[Site "IECC email"]
[Date "1999.12.30"]
[Round "?"]
[White "Mineses, Patrick"]
[Black "Bradford, Danny"]
[Result "1-0"]
[WhiteElo "1061"]
[BlackElo "947"]
[PlyCount "29"]
[EventDate "2000.??.??"]
[EventType "tourn (corr)"]
[EventRounds "4"]
[SourceTitle "Corr 2008"]
[Source "ChessBase"]
[SourceDate "2008.06.24"]
[SourceVersion "1"]
[SourceVersionDate "2008.06.24"]
[SourceQuality "1"]

1. e4 e5 2. Nf3 Nc6 3. d4 d6 4. d5 Na5 5. b4 Nc4 6. Bxc4 Qf6 7. Bb5+ Bd7 8. Bxd7+ Kxd7 9. Qd3 Qg6 10. 0-0 Nf6 11. Nfd2 Nh5 12. Nf3 Nf4 13. Bxf4 exf4 14. Nbd2 Qf6 15. Qb5+ 1-0

[Event "IECC KO email"]
[Site "IECC email"]
[Date "1999.08.06"]
[Round "?"]
[White "Mineses, Patrick"]
[Black "Vio, Mauro"]
[Result "0-1"]
[WhiteElo "983"]
[BlackElo "1024"]
[PlyCount "24"]
[EventDate "1999.??.??"]
[EventType "tourn (corr)"]
[EventRounds "6"]
[SourceTitle "Corr 2008"]
[Source "ChessBase"]
[SourceDate "2008.06.24"]
[SourceVersion "1"]
[SourceVersionDate "2008.06.24"]
[SourceQuality "1"]

1. e4 e5 2. Nf3 Nc6 3. d4 exd4 4. Bc4 Bb4+ 5. Bd2 Bxd2+ 6. Qxd2 Nf6 7. Ng5 0-0 8. Nf3 Nxe4 9. Qd3 d5 10. Bb5 Nc5 11. Qd2 Re8+ 12. Kd1 Ne4 0-1

[Event "IECC M email"]
[Site "IECC email"]
[Date "1999.07.23"]
[Round "?"]
[White "Dixon, Bob"]
[Black "Mineses, Patrick"]
[Result "1/2-1/2"]
[WhiteElo "997"]
[BlackElo "1050"]
[PlyCount "98"]
[EventDate "1999.??.??"]
[EventType "tourn (corr)"]
[EventRounds "6"]
[SourceTitle "Corr 2008"]
[Source "ChessBase"]
[SourceDate "2008.06.24"]
[SourceVersion "1"]
[SourceVersionDate "2008.06.24"]
[SourceQuality "1"]

1. e4 e5 2. Nf3 Nf6 3. Nxe5 d6 4. Nf3 Be7 5. Nc3 Nc6 6. d4 Bd7 7. Bc4 0-0 8. Bf4 Bg4 9. Qd3 Bxf3 10. Qxf3 Nxd4 11. Qd3 Nc6 12. 0-0 Ne5 13. Qd4 Ng6 14. Qe3 Ne5 15. Bxe5 dxe5 16. Rad1 Qc8 17. Bb5 c6 18. Bc4 b5 19. Bb3 Rd8 20. Ne2 Rxd1 21. Rxd1 Qg4 22. f3 Qc8 23. Ng3 Qf8 24. Qc3 Bc5+ 25. Kh1 Rc8 26. Qxe5 Bb6 27. Nh5 Nxh5 28. Qxh5 Rd8 29. f4 Rxd1+ 30. Qxd1 Qd8 31. Qxd8+ Bxd8 32. c4 b4 33. a3 bxa3 34. bxa3 f6 35. c5+ Kf8 36. Ba4 Be7 37. Bxc6 Bxc5 38. a4 a5 39. f5 h6 40. g4 Ke7 41. Kg2 Kd6 42. Bb7 Ke5 43. Kg3 Kd4 44. h4 Kc4 45. Bc6 Be3 46. Kf3 Bc1 47. e5 fxe5 48. Ke4 Kc5 49. Be8 Kd6 1/2-1/2

[Event "IECC M email"]
[Site "IECC email"]
[Date "1999.07.22"]
[Round "?"]
[White "Kennedy, Robert A"]
[Black "Mineses, Patrick"]
[Result "0-1"]
[WhiteElo "1100"]
[BlackElo "1061"]
[PlyCount "56"]
[EventDate "1999.??.??"]
[EventType "tourn (corr)"]
[EventRounds "6"]
[SourceTitle "Corr 2008"]
[Source "ChessBase"]
[SourceDate "2008.06.24"]
[SourceVersion "1"]
[SourceVersionDate "2008.06.24"]
[SourceQuality "1"]

1. d4 d5 2. e3 Nf6 3. Nc3 Nc6 4. f4 g6 5. Nf3 Bg7 6. Bd3 0-0 7. 0-0 Bg4 8. h3 Bxf3 9. Qxf3 Nb4 10. a3 Nxd3 11. cxd3 e6 12. Ne2 Nd7 13. e4 dxe4 14. dxe4 Nb6 15. b3 Bxd4+ 16. Nxd4 Qxd4+ 17. Be3 Qd6 18. e5 Qd5 19. Bxb6 Qxf3 20. Rxf3 axb6 21. g4 b5 22. Kg2 b4 23. a4 Rfd8 24. Rc1 Rac8 25. Kg3 Kf8 26. h4 Rd7 27. f5 Kg7 28. Rcf1 c5 0-1